Review of economic trends and state plan, 1986-87 (Record no. 508134)

000 -LEADER
fixed length control field 00335nam a22001097a 4500
082 ## - DEWEY DECIMAL CLASSIFICATION NUMBER
Classification number T19x5451 An24/1986-87
100 ## - MAIN ENTRY--PERSONAL NAME
Personal name Mahendranath, P.
9 (RLIN) 3226
245 ## - TITLE STATEMENT
Title Review of economic trends and state plan, 1986-87
260 ## - PUBLICATION, DISTRIBUTION, ETC. (IMPRINT)
Place of publication, distribution, etc Hyderabad
Name of publisher, distributor, etc Government of Andhra Pradesh
Date of publication, distribution, etc 1987
300 ## - PHYSICAL DESCRIPTION
Extent 206p.
700 ## - ADDED ENTRY--PERSONAL NAME
Personal name Government of Andhra Pradesh
9 (RLIN) 3227
Holdings
Withdrawn status Lost status Source of classification or shelving scheme Damaged status Koha normalized classification for sorting Not for loan Permanent location Current location Date acquired Full call number Barcode Date last seen Price effective from Koha item type
        T_19X5451_AN24_198687   Indian Institute of Public Administration Indian Institute of Public Administration 2019-03-12 T19x5451 An24/1986-87 GG33722 2019-03-12 2019-03-12 GG

Powered by Koha